La administración de los hogares de ancianos en Costa Rica /

में बचाया:
ग्रंथसूची विवरण
मुख्य लेखक: Denton L, Carlos F.
अन्य लेखक: Zúñiga S, María de los Angeles, Oses C, Carlos L.
स्वरूप: मूलपाठ
प्रकाशित: Heredia: UNA. IDESPO
टैग: टैग जोड़ें
कोई टैग नहीं, इस रिकॉर्ड को टैग करने वाले पहले व्यक्ति बनें!

MARC

LEADER 00000 a a2200000 04500
001 15240
003
040
090 |a 021300  
100 |a Denton L, Carlos F.  
245 |a La administración de los hogares de ancianos en Costa Rica /  |c Carlos F. Denton L. 
260 |a Heredia:   |b UNA. IDESPO  
300 |a 3; 34 p.  
700 |a Zúñiga S, María de los Angeles  
700 |a Oses C, Carlos L.  
999 |c 13581  |d 13581